MARC

LEADER 00000nam0a2200000 4500
001 274999
005 20231101234801.0
020 |a RU  |b 85-84010 
035 |a (RuTPU)RU\TPU\book\298228 
090 |a 274999 
100 |a 20141111d1985 k y0rusy5003 ca 
101 0 |a rus 
102 |a RU 
105 |a a z 000zy 
200 1 |a Углеграфитовые материалы и изделия  |e сборник научных трудов  |f Государственный научно-исследовательский и проектно-конструкторский институт электродной промышленности(ГОСНИИЭП) 
210 |a Москва  |c Изд-во НИИГрафит  |d 1985 
215 |a 147 с.  |c ил.  |d 21 см 
606 1 |a Углеграфитовые материалы  |x Производство  |x Сырье  |2 stltpush  |3 (RuTPU)RU\TPU\subj\32335  |9 54917 
610 1 |a производство 
610 1 |a исследование 
610 1 |a структура 
610 1 |a физико-химические свойства 
610 1 |a эксплуатационная стойкость 
610 1 |a качество 
610 1 |a повышение 
610 1 |a технологические разработки 
675 |a 661.666.2  |z rus  |v 4 
712 0 2 |a Государственный научно-исследовательский и проектно-конструкторский институт электродной промышленности(ГОСНИИЭП)  |2 stltpush  |3 (RuTPU)RU\TPU\col\18302 
801 0 |a RU  |b RuMRKP  |c 19950704  |g psbo 
801 1 |a RU  |b 63413507  |c 20141111 
801 2 |a RU  |b 63413507  |c 20170328  |g RCR 
942 |c BK